Operaciones bancarias internacionales

Saved in:
Bibliografiske detaljer
Hovedforfatter: Marcuse, Robert (autor)
Format: Bog
Sprog:spansk
Udgivet: Santiago Jurídica Conosur 2000
Fag:
Tags: Tilføj Tag
Ingen Tags, Vær først til at tagge denne postø!

MARC

LEADER 00000nam a2200000 a 4500
001 UCO3295
003 CL-VaPUC
008 000720e20000000CL |||||||||||||||||spa|d
082 0 4 |a 346.082  |b MAR  |2 21 
100 |a Marcuse, Robert  |e autor  |9 447338 
245 1 0 |a Operaciones bancarias internacionales 
300 |a 230 p 
942 |c BK 
945 |d 20000720 00:00:00  |a vberengu 
260 |a Santiago  |b Jurídica Conosur  |c 2000 
650 7 |a AVAL  |2 CL-VaPUC  |9 386293 
650 7 |a COBRANZAS  |2 CL-VaPUC  |9 379969 
650 0 |a Comercio exterior  |9 257617 
650 7 |a CREDITO DOCUMENTARIO  |2 CL-VaPUC  |9 317896 
650 7 |a FIANZAS  |2 CL-VaPUC  |9 256644 
650 0 |a Garantías  |9 385837 
650 7 |a MERCADEO  |2 CL-VaPUC  |9 261154 
650 7 |a OPERACIONES COMERCIALES  |2 CL-VaPUC  |9 337866 
650 7 |a TESORERIA  |2 CL-VaPUC  |9 412385 
583 |a last modification  |c 20000720 00:00:00  |k Rodrigo Vera 
999 |c 289760  |d 289758 
952 |0 0  |1 0  |4 0  |6 346_082000000000000_MAR_2000  |7 0  |8 A  |9 338446  |a BIBDER  |b BIBDER  |d 2019-11-20  |i 363325K  |l 1  |m 1  |o 346.082 MAR 2000  |p 363325K  |r 2023-01-25  |s 2020-03-04  |w 2019-11-20  |y BK  |k DER